=LDR 00000nam 2200000 4500 =001 INLIS000000000046049 =005 20150213100228.0 =006 =007 =008 =020 ##$$a 979-28-0870-4 =035 ##$$0010-021500000000610 =040 ##$$a NBPDMAT =082 ##$$a 372.350 76 =090 ##$$a 372.350 76 $b Ema r =100 ##$$a Ema Tri Wulandari =245 ##$$a Ilmu Pengetahuan Alam Untuk SD Dan Mi / $c Ema Tri Wulandari , Anis Dyah Rufaidah =260 ##$$a Klaten : $b Intan Pariwara, $c [20...?] =300 ##$$a 63 hlm $b Ilus $c 27 cm =650 ##$$a Sains SD - Ujian Soal Dsb =700 ##$$a Anis Dyah Rufaida